000 nam a22 a 4500
999 _c1927
_d1927
005 20170512121724.0
008 170512b1987 -us||||| |||| 00| 0 eng d
020 _a0815130627
_c£30.50
040 _aAKMAL
082 0 4 _a344.730419 ELI
090 _a344.730419
_bELI
100 0 _aElias, Sherman.
_94003
245 1 0 _aReproductive genetics and the law
_cSherman Elias George J. Annas.
260 _aChicago
260 _aLondon ;
_bYear Book
_c1987
300 _axviii,323p. :
_bill. ;
_c24cm
500 _aIncludes index.
599 _aDALAM PROSES
650 0 _aMedical genetics
_xLaw and legislation
_zUnited States.
_94004
700 1 _aAnnas, George J.
_94005
852 4 1 _aBritish Library
_bDSC
852 4 1 _aBritish Library
_bHMNTS
942 _2ddc
_cBOOK